LEADER 01199nam a2200289 i 4500 001 000000239532 003 CaOOAMICUS 005 20150310000000.0 008 150310s2013 it u000 u ita u 013 $a218437 020 $a978-88-6542-293-9 020 $a9788865423158 040 $aSeMil$bita 100 1 $aNacci, Bruno.$0(OLS)http://semarc/name/1177 245 13$aLa quarta vigilia :$bgli ultimi anni di Blaise Pascal /$cBruno Nacci. 260 $aNapoli :$bLa scuola di Pitagora,$c2013. 300 $a433 p. ;$c21 cm. 490 0 $aMille e una storia ;$v2 600 14$aPascal, Blaise <1623-1662>.$0(OLS)http://semarc/subject/3508 830 0$aMille e una storia ;$v2.$0(OLS)http://semarc/title/6209 850 $aSeMil 852 $aSeMil$W1$xVenegono$y1$m2P III 772$j189878$B189878$CSeMilBibl$Z2$F200875 $81 961 $aAcquisto: LI.CO.SA 996 $6020$a978-88-6542-293-9$9(OLS)http://semarc/number/245572 996 $6020$a9788865423158$9(OLS)http://semarc/number/245573 996 $6245$aLa quarta vigilia :$bgli ultimi anni di Blaise Pascal$9(OLS)http://semarc/title/341082 996 $6260$aNapoli :$bLa scuola di Pitagora$9(OLS)http://semarc/publisher/31246 LEADER 01063nam a2200253 i 4500 001 000000178576 003 CaOOAMICUS 005 20090330000000.0 008 090330s1978 it u000 u ita u 013 $a156149 040 $aSeMil$bita 100 1 $aRoiter, Fulvio,$d<1926-2016>.$0(OLS)http://semarc/name/42456 245 10$aFriuli-Venezia Giulia /$cFulvio Roiter ; testo di Carlo Sgorlon. 260 $aUdine :$bMagnus,$ccopyr. 1978. 300 $a160 p., [22] p. :$briccamente ill. ;$c25x25 cm. 500 $aTesto anche in inglese e tedesco. - Front. su due pagine. - Fondo Card. Giovanni Colombo. 650 4$aFriuli-Venezia Giulia.$0(OLS)http://semarc/subject/1487 700 1 $aSgorlon, Carlo,$d<1930-2009>.$0(OLS)http://semarc/name/37232 850 $aSeMil 852 $aSeMil$W1$xVenegono$y1$m4Y V 57$j129349$B129349$CSeMilBibl$Z2$F140624 $81 941 1 $a3 961 $aLascito: Colombo Card. Giovanni 996 $6245$aFriuli-Venezia Giulia$9(OLS)http://semarc/title/256489 996 $6260$aUdine :$bMagnus$9(OLS)http://semarc/publisher/49510 LEADER 01653nam a2200337 i 4500 001 000000251496 003 CaOOAMICUS 005 20161116000000.0 008 161116s2012 it u000 u ita u 013 $a230401 020 $a978-88-250-3254-3 040 $aSeMil$bita 100 1 $aDella Pietra, Loris,$d<1976- >.$0(OLS)http://semarc/name/83597 245 10$aRituum forma :$bla teologia dei sacramenti alla prova della forma rituale /$cLoris Della Pietra ; presentazione di Andrea Grillo. 260 $aPadova :$bAbbazia di Santa Giustina,$c2012. 260 $aPadova :$bMessaggero,$c2012. 300 $a495 p. ;$c21 cm. 490 0 $aCaro Salutis Cardo. Studi ;$v21 650 4$aLiturgia - Movimento liturgico.$0(OLS)http://semarc/subject/2321 650 4$aSacramenti - Liturgia.$0(OLS)http://semarc/subject/6144 650 4$aSacramenti - Teologia cattolica.$0(OLS)http://semarc/subject/113 650 4$aRituale cristiano.$0(OLS)http://semarc/subject/19013 700 1 $aGrillo, Andrea,$d<1961- >.$0(OLS)http://semarc/name/2664 830 0$aCaro Salutis Cardo. Studi ;$v21.$0(OLS)http://semarc/title/451 850 $aSeMil 852 $aSeMil$W1$xVenegono$y1$m2NA Q 21$j252115$B201842$CSeMilBibl$Z2$F214199 $81 961 $aSottoscrizione: CLV Edizioni Liturgiche 996 $6020$a978-88-250-3254-3$9(OLS)http://semarc/number/262418 996 $6245$aRituum forma :$bla teologia dei sacramenti alla prova della forma rituale$9(OLS)http://semarc/title/353754 996 $6260$aPadova :$bMessaggero$9(OLS)http://semarc/publisher/29786 996 $6260$aPadova :$bAbbazia di Santa Giustina$9(OLS)http://semarc/publisher/29796